Young Justice members and mentors Quiz Stats

 Plays Quiz not verified by Sporcle

Challenge
Share
Tweet
Embed
Score 0/7 Timer 03:00
1 Play Today
Number Members % Correct
2.Robin
99.8%
3.Kid Flash
99.1%
1.Aqualad
98.6%
7.Zatanna
89.6%
6.Artemis
86.2%
5.Superboy
86.1%
4.Ms. Martian
47%

You're not logged in!

Compare scores with friends on all Sporcle quizzes.
OR
Log In

You Might Also Like...

Show Comments

Extras

Created Oct 24, 2011ReportNominate
Tags:Justice Quiz, official, young

Top Quizzes Today


Score Distribution

Your Account Isn't Verified!

In order to create a playlist on Sporcle, you need to verify the email address you used during registration. Go to your Sporcle Settings to finish the process.

Report this User

Report this user for behavior that violates our Community Guidelines.

Details: